The holocaust (Record no. 11489)

MARC details
000 -LEADER
fixed length control field 00244nam a22000977a 4500
008 - FIXED-LENGTH DATA ELEMENTS--GENERAL INFORMATION
fixed length control field 190529b ||||| |||| 00| 0 eng d
020 ## - INTERNATIONAL STANDARD BOOK NUMBER
International Standard Book Number 9780241979969
100 ## - MAIN ENTRY--PERSONAL NAME
Personal name Rees laurence
9 (RLIN) 7207
245 ## - TITLE STATEMENT
Title The holocaust
260 ## - PUBLICATION, DISTRIBUTION, ETC. (IMPRINT)
Place of publication, distribution, etc. UK
Name of publisher, distributor, etc. Penguin Books
Date of publication, distribution, etc. 2017
Holdings
Withdrawn status Lost status Source of classification or shelving scheme Damaged status Koha normalized classification for sorting Not for loan Home library Current library Shelving location Date acquired Total Checkouts Full call number Barcode Date last seen Price effective from Koha item type
    Dewey Decimal Classification   940_000000000000000_D4 Not For Loan Good Samaritan School Library Good Samaritan School Library History 05/29/2019   940 D-4 REE15379 05/29/2019 05/29/2019 BOOK

Powered by Koha